| 000 | 00453pab a2200181 454500 | ||
|---|---|---|---|
| 008 | 180718b2013 xxu||||| |||| 00| 0 eng d | ||
| 100 | _aJha, Brajesh | ||
| 245 | _aHow important is off-farm income for farmers in India? | ||
| 260 | _c2013 | ||
| 300 | _ap.557-564. | ||
| 362 | _aJan | ||
| 650 | _aIncome - India | ||
| 650 | _aFarmers - India | ||
| 650 | _aFarmers | ||
| 773 | _aAgricultural Situation in India | ||
| 908 | _aN | ||
| 909 | _a102848 | ||
| 999 |
_c102846 _d102846 |
||